Qué es la arqueologia? /
Guardado en:
| Autor Principal: | |
|---|---|
| Formato: | Libro |
| Publicado: |
Buenos Aires :
Eudeba,
1973
|
| Materias: | |
| Etiquetas: |
Agregar Etiqueta
Sin Etiquetas, Sea el primero en etiquetar este registro!
|
| LEADER | 00520nam a22001695a 4500 | ||
|---|---|---|---|
| 001 | CEM.cems004903 | ||
| 005 | 20060217000000.0 | ||
| 008 | 130507s1973##################000#0#####d | ||
| 003 | CEMS | ||
| 082 | 0 | 4 | |a 571 |
| 100 | 1 | |a Parrot, Andre | |
| 245 | 1 | 0 | |a Qué es la arqueologia? / |
| 260 | |a Buenos Aires : |b Eudeba, |c 1973 | ||
| 300 | |a 119 p. | ||
| 505 | 0 | |a Cronolog¡a de la prehistoria; vida del hombre prehistórico; arte, lenguaje y expresi¢n. | |
| 653 | |a Arqueologia | ||
| 859 | |a CEMS |b BIB. CEMS - 11 de abril |h 571 |i P249 |p 8147.80 |t Ej.1 | ||
